[Event "AUTO-ADV-2061"]
[Site "http://www.queenalice.com/game.php?id=966018"]
[Date "2011.7.28"]
[Round "2"]
[White "minusel"]
[Black "rotwein"]
[Result "1/2-1/2"]
[WhiteElo "2114"]
[BlackElo "2125"]

1. e4 c5 2. b3 Nf6 3. Nc3 e6 4. Bb2 Nc6 5. Nf3 d5 6. Bd3 a6 7. O-O Be7 8. Re1
O-O 9. e5 Nd7 10. a4 Qc7 11. Qe2 b6 12. Na2 Bb7 13. c4 Na5 14. Nc1 d4 15. Bc2
Rfd8 16. Nd3 Nc6 17. Ba3 a5 18. Nf4 Nb4 19. Bxb4 axb4 20. Be4 Nf8 21. d3 Ng6 22.
Nxg6 hxg6 23. Bxb7 Qxb7 24. Qd2 Kf8 25. Qf4 Rd7 26. Nd2 Ke8 27. Ne4 Bf8 28. Qh4
Qc7 29. f4 Qd8 30. Qh8 Qe7 31. Nd6+ Kd8 32. Rf1 Kc7 33. Rf3 Qd8 34. Ne4 Kb7 35.
Re1 Kc6 36. Rf2 Kb7 37. Rfe2 1/2-1/2

[Event "AUTO-ADV-2061"]
[Site "http://www.queenalice.com/game.php?id=966021"]
[Date "2011.7.28"]
[Round "2"]
[White "minusel"]
[Black "kasparosaure"]
[Result "1-0"]
[WhiteElo "2097"]
[BlackElo "2018"]

1. e4 e5 2. Nf3 Nc6 3. Bb5 a6 4. Ba4 Nf6 5. O-O b5 6. Bb3 Be7 7. Nc3 O-O 8. d3
Bb7 9. Be3 d6 10. Nd5 Na5 11. Nxe7+ Qxe7 12. Nd2 Nxb3 13. Nxb3 c5 14. f4 exf4
15. Bxf4 Rad8 16. Bg5 Kh8 17. Qf3 Rg8 18. Bxf6 gxf6 19. Qxf6+ Qxf6 20. Rxf6 Rg7
21. Raf1 Rd7 22. Nd2 c4 23. dxc4 bxc4 24. Nxc4 Bxe4 25. g3 Bxc2 26. Nxd6 Bg6 27.
Nc4 Bd3 28. Rd1 Bxc4 29. Rxd7 Bxa2 30. Rxa6 Be6 31. Rd8+ Rg8 32. Rxg8+ Kxg8 33.
b4 Bc4 34. Ra5 Kf8 35. b5 Ke8 36. b6 Bd5 37. Rxd5 1-0

[Event "AUTO-ADV-2061"]
[Site "http://www.queenalice.com/game.php?id=966022"]
[Date "2011.7.28"]
[Round "2"]
[White "kasparosaure"]
[Black "minusel"]
[Result "0-1"]
[WhiteElo "1955"]
[BlackElo "2112"]

1. c4 c6 2. g3 d5 3. cxd5 cxd5 4. d4 Nf6 5. Bg2 Bf5 6. Nc3 e6 7. Bf4 Qb6 8. Qd2
Nc6 9. Nf3 Ne4 10. Nxe4 dxe4 11. Nh4 Bb4 0-1

[Event "AUTO-ADV-2197"]
[Site "http://www.queenalice.com/game.php?id=977095"]
[Date "2011.8.26"]
[Round "2"]
[White "tranquilli_calmo"]
[Black "minusel"]
[Result "1-0"]
[WhiteElo "1944"]
[BlackElo "2093"]

1. d4 c6 2. c4 d5 3. Nc3 dxc4 4. a4 Nf6 5. e3 Be6 6. Nf3 h6 7. Ne5 Nbd7 8. Bxc4
Bxc4 9. Nxc4 e6 10. Qb3 Qc7 11. e4 Be7 12. g3 Nb6 13. Bf4 Qd8 14. Rd1 Nxc4 15.
Qxc4 O-O 16. h4 Qb6 17. b3 Bb4 18. Kf1 Bxc3 19. Qxc3 Nxe4 20. Qf3 f5 21. g4 Rad8
22. Be5 Nxf2 23. g5 Nxh1 24. gxh6 f4 25. h7+ Kxh7 26. Qh5+ Kg8 27. Qg5 Ng3+ 28.
Kg2 1-0

[Event "AUTO-ADV-2197"]
[Site "http://www.queenalice.com/game.php?id=977096"]
[Date "2011.8.26"]
[Round "2"]
[White "minusel"]
[Black "tranquilli_calmo"]
[Result "1-0"]
[WhiteElo "2064"]
[BlackElo "1976"]

1. e4 c6 2. d4 d6 3. Nf3 Nf6 4. Nc3 Bg4 5. h3 Bh5 6. Bd3 e6 7. g4 Bg6 8. Qe2 Be7
9. Bf4 Qa5 10. O-O-O b5 11. e5 dxe5 12. dxe5 Nfd7 13. Bxg6 hxg6 14. Kb1 Qc7 15.
Ne4 a5 16. Nd6+ Kf8 17. Ng5 Bxg5 18. Bxg5 Nc5 19. Nxb5 Nbd7 20. Nxc7 1-0

[Event "AUTO-ADV-2197"]
[Site "http://www.queenalice.com/game.php?id=977097"]
[Date "2011.8.26"]
[Round "2"]
[White "plot24"]
[Black "minusel"]
[Result "0-1"]
[WhiteElo "1695"]
[BlackElo "2072"]

1. e4 c6 2. f4 d5 3. Nf3 dxe4 4. Ne5 Nd7 5. Nc4 b5 6. Ne3 e5 7. fxe5 Nxe5 8. Be2
Bc5 9. Nc3 Nf6 10. O-O O-O 11. Rxf6 Qxf6 12. Nxe4 Bxe3+ 13. dxe3 Qg6 14. Nf2 Bb7
0-1

[Event "AUTO-ADV-2197"]
[Site "http://www.queenalice.com/game.php?id=977098"]
[Date "2011.8.26"]
[Round "2"]
[White "minusel"]
[Black "plot24"]
[Result "1-0"]
[WhiteElo "2131"]
[BlackElo "1725"]

1. e4 e6 2. d4 d5 3. exd5 exd5 4. Nf3 Nf6 5. Nc3 Be7 6. Bd3 O-O 7. Be3 Re8 8.
O-O Nbd7 9. Re1 Nb6 10. Ne5 Be6 11. Qf3 Nfd7 12. Bf4 c5 13. Nxd7 1-0

[Event "AUTO-OPEN-2330"]
[Site "http://www.queenalice.com/game.php?id=985042"]
[Date "2011.9.14"]
[Round "2"]
[White "minusel"]
[Black "essenfelder"]
[Result "0-1"]
[WhiteElo "2018"]
[BlackElo "1934"]

1. e4 c5 2. b3 Nc6 3. Bb2 d6 4. Bc4 Nf6 5. Nc3 Bg4 6. Nge2 e6 7. f3 Bh5 8. Nf4
g6 9. g4 Bxg4 10. fxg4 Bh6 11. O-O O-O 12. Nd3 Ne5 13. Nxe5 dxe5 14. Qf3 Bf4 15.
Ne2 Bxd2 16. Qxf6 Qxf6 17. Rxf6 Be3+ 18. Kg2 Bd4 19. Nxd4 exd4 20. Raf1 b6 21.
c3 Rad8 22. cxd4 cxd4 23. Ba3 d3 24. Bxf8 d2 25. Rxf7 d1=Q 26. Rg7+ Kh8 27. Rxd1
Rxf8 28. Rxa7 e5 0-1

[Event "AUTO-OPEN-2330"]
[Site "http://www.queenalice.com/game.php?id=985043"]
[Date "2011.9.14"]
[Round "2"]
[White "essenfelder"]
[Black "minusel"]
[Result "1-0"]
[WhiteElo "1913"]
[BlackElo "2039"]

1. e4 c6 2. d4 d5 3. e5 Bf5 4. Bd3 Bxd3 5. Qxd3 e6 6. Nf3 Nd7 7. O-O Ne7 8. Bg5
h6 9. Bh4 g5 10. Bg3 Nf5 11. Nfd2 h5 12. h3 c5 13. c3 Qb6 14. b3 cxd4 15. cxd4
Qxd4 16. Qxd4 Nxd4 17. Nc3 Bb4 18. Rac1 Bxc3 19. Rc2 Nxc2 20. Nf3 g4 21. hxg4
hxg4 22. Nh2 Nxe5 23. Bxe5 Bxe5 24. Nxg4 Bg7 25. Rc1 Nd4 26. Rc7 Ne2+ 27. Kf1
Nf4 28. f3 f5 29. Rxg7 1-0

[Event "AUTO-OPEN-2323"]
[Site "http://www.queenalice.com/game.php?id=995306"]
[Date "2011.10.9"]
[Round "2"]
[White "holandes"]
[Black "minusel"]
[Result "1-0"]
[WhiteElo "1758"]
[BlackElo "2032"]

1. e4 c6 2. Nf3 d5 3. exd5 cxd5 4. d4 Nf6 5. Bb5+ Bd7 6. Qd3 e6 7. Bg5 Qa5+ 8.
Nc3 Bb4 9. Bxd7+ Nbxd7 10. a3 Bxc3+ 11. bxc3 Ne4 12. O-O Qxc3 13. Rfb1 Qxd3 14.
cxd3 1-0

[Event "AUTO-OPEN-2323"]
[Site "http://www.queenalice.com/game.php?id=995316"]
[Date "2011.10.9"]
[Round "2"]
[White "minusel"]
[Black "Gianuzio"]
[Result "1-0"]
[WhiteElo "2108"]
[BlackElo "1905"]

1. e4 e6 2. Nf3 d5 3. exd5 exd5 4. d4 Nf6 5. Bd3 Be7 6. O-O O-O 7. Nbd2 Nc6 8.
Re1 Bg4 9. h3 Bh5 10. c3 Re8 11. Nf1 Na5 12. Ng3 Bxf3 13. Qxf3 c6 14. b3 h6 15.
Nf5 Nh7 16. Nxg7 Kxg7 17. Bxh6+ Kxh6 18. Qxf7 Rg8 19. Qxh7+ Kg5 20. Re6 Qf8 21.
Rg6+ Kf4 22. g3+ Kf3 23. Qh5# 1-0

[Event "AUTO-OPEN-2323"]
[Site "http://www.queenalice.com/game.php?id=995317"]
[Date "2011.10.9"]
[Round "2"]
[White "Gianuzio"]
[Black "minusel"]
[Result "1-0"]
[WhiteElo "1897"]
[BlackElo "2114"]

1. e4 c6 2. d4 d5 3. exd5 cxd5 4. Bd3 Nf6 5. Ne2 Nc6 6. O-O Bg4 7. f3 Bh5 8. c3
e5 9. dxe5 Nxe5 10. Bb5+ Nc6 11. Nf4 Qb6+ 12. Kh1 Qxb5 13. a4 Qc5 14. b4 Qd6 15.
b5 Nd8 16. Nxh5 Nxh5 17. Ba3 Qd7 18. Bxf8 Rxf8 19. f4 Nf6 20. Re1+ Ne6 21. f5
Ne4 22. fxe6 fxe6 23. Kg1 Qf7 24. Qf3 Qxf3 25. gxf3 Rxf3 26. c4 Kd7 27. cxd5
exd5 28. Na3 Raf8 29. Nc2 1-0

[Event "AUTO-OPEN-2197"]
[Site "http://www.queenalice.com/game.php?id=1001581"]
[Date "2011.10.25"]
[Round "3"]
[White "alederp"]
[Black "minusel"]
[Result "0-1"]
[WhiteElo "2250"]
[BlackElo "2006"]

1. e4 c6 2. Nf3 d5 3. exd5 cxd5 4. d4 Nf6 5. Nc3 e6 6. Bd3 Nc6 7. O-O a6 8. Bf4
Be7 9. Ne5 Nxe5 10. Bxe5 Bd7 11. Re1 Qb6 12. Qf3 O-O 13. Rab1 h6 14. Qg3 Rac8
15. a3 Rfd8 16. Kh1 Ne8 0-1

[Event "AUTO-OPEN-2197"]
[Site "http://www.queenalice.com/game.php?id=1001582"]
[Date "2011.10.25"]
[Round "3"]
[White "minusel"]
[Black "alederp"]
[Result "1-0"]
[WhiteElo "2005"]
[BlackElo "2231"]

1. e4 e5 2. Nf3 Nc6 3. Bb5 Bc5 4. O-O Nge7 5. Nxe5 Nxe5 6. d4 c6 7. Be2 Bd6 8.
dxe5 Bxe5 9. Nd2 Bc7 10. Nf3 O-O 11. c4 d5 12. cxd5 cxd5 13. exd5 Nxd5 14. Qb3
Nf4 15. Bc4 Qf6 16. Re1 b6 17. Bxf4 Bxf4 18. Rad1 1-0

[Event "AUTO-ADV-2202"]
[Site "http://www.queenalice.com/game.php?id=1001588"]
[Date "2011.10.25"]
[Round "2"]
[White "minusel"]
[Black "matamuff"]
[Result "1-0"]
[WhiteElo "1999"]
[BlackElo "1951"]

1. e4 Nf6 2. e5 Nd5 3. d4 d6 4. Nf3 Bg4 5. Be2 Bxf3 6. Bxf3 dxe5 7. c4 Nb6 8.
Bxb7 N8d7 9. Bxa8 Qxa8 10. O-O Nxc4 11. Qe2 Ndb6 12. b3 Nd6 13. dxe5 Nf5 14. e6
fxe6 15. Qxe6 Qd5 16. Qxd5 Nxd5 17. Bb2 Rg8 18. Nc3 Nxc3 19. Bxc3 g6 20. Rfe1
Bg7 21. Bxg7 Rxg7 22. Re5 e6 23. Rxe6+ Ne7 24. Rae1 Kd7 25. Ra6 Nc6 26. Rd1+ Kc8
27. Rxc6 Kb7 28. Re6 Rf7 29. b4 Kc8 30. a4 Rg7 31. a5 Rf7 32. b5 g5 33. a6 g4
34. Re8# 1-0

[Event "AUTO-ADV-2202"]
[Site "http://www.queenalice.com/game.php?id=1001589"]
[Date "2011.10.25"]
[Round "2"]
[White "matamuff"]
[Black "minusel"]
[Result "0-1"]
[WhiteElo "1856"]
[BlackElo "2030"]

1. Nf3 Nf6 2. c4 c6 3. d3 d5 4. b3 Bg4 5. Bb2 e6 6. Ba3 Bxa3 7. Nxa3 Bxf3 8.
exf3 Qa5+ 9. Qd2 Qxa3 10. Be2 c5 11. O-O Nc6 12. cxd5 Nxd5 13. Rfc1 Nd4 14. Bd1
O-O 15. Rc4 b5 16. Rcc1 Rac8 17. f4 Rfd8 18. Bf3 Nxf3+ 19. gxf3 Qb4 20. Qxb4
Nxb4 21. f5 Nxd3 22. Rc2 exf5 23. Kg2 c4 24. bxc4 Rxc4 25. Rxc4 bxc4 26. Rb1 c3
0-1